La magia de los hilos (Record no. 10146)

MARC details
000 -CABECERA
campo de control de longitud fija 01266nam a2200313 a 4500
001 - NÚMERO DE CONTROL
campo de control BRL_1334
005 - FECHA Y HORA DE LA ÚLTIMA TRANSACCIÓN
campo de control 20190320211144.0
008 - DATOS DE LONGITUD FIJA--INFORMACIÓN GENERAL
campo de control de longitud fija 070114s1995----mx-aob####---#000-0#spa-#
020 ## - NÚMERO INTERNACIONAL ESTÁNDAR DEL LIBRO
Número Internacional Estándar del Libro 9688343439
041 ## - CÓDIGO DE LENGUA
Código de lengua del texto/banda sonora o título independiente spa
044 ## - CÓDIGO DEL PAÍS DE LA ENTIDAD EDITORA/PRODUCTORA
Código MARC del país mx
050 #4 - SIGNATURA TOPOGRÁFICA DE LA BIBLIOTECA DEL CONGRESO
Número de clasificación F1219.3.C75
Número de documento/Ítem .B43 1995
100 1# - ENTRADA PRINCIPAL--NOMBRE DE PERSONA
Nombre de persona Beauregard García, Lourdes
9 (RLIN) 12966
245 10 - MENCIÓN DE TÍTULO
Título La magia de los hilos
Resto del título arte y tradición en el textil de Veracruz
Mención de responsabilidad, etc. texto Lourdes Beauregard García, Lourdes Aquino Rodríguez y Yosi Anaya ; fotografía Adrián Mendieta Pérez.
260 ## - PUBLICACIÓN, DISTRIBUCIÓN, ETC.
Lugar de publicación, distribución, etc. Xalapa, Veracruz.
Nombre del editor, distribuidor, etc. Universidad Veracruzana
Fecha de publicación, distribución, etc. 1995
300 ## - DESCRIPCIÓN FÍSICA
Extensión 147 p.
Otras características físicas il., fotografía, mapas
Dimensiones 30 cm.
440 #0 - MENCIÓN DE SERIE/PUNTO DE ACCESO ADICIONAL--TÍTULO
Título Colección Etnográfica del Instituto de Antropología. Indumentaria Etnohistórica
9 (RLIN) 26559
500 ## - NOTA GENERAL
Nota general Au1579
500 ## - NOTA GENERAL
Nota general Ver también número de sistema 5087 perteneciente al Fondo Contemporáneo
504 ## - NOTA DE BIBLIOGRAFÍA, ETC.
Nota de bibliografía, etc. Bibliografía: 144-147
650 14 - PUNTO DE ACCESO ADICIONAL DE MATERIA--TÉRMINO DE MATERIA
Término de materia o nombre geográfico como elemento de entrada Indumentaria indígena
Subdivisión geográfica Veracruz (Estado)
9 (RLIN) 12967
650 14 - PUNTO DE ACCESO ADICIONAL DE MATERIA--TÉRMINO DE MATERIA
Término de materia o nombre geográfico como elemento de entrada Industría textil indígena
Subdivisión geográfica Veracruz (Estado)
9 (RLIN) 12968
650 14 - PUNTO DE ACCESO ADICIONAL DE MATERIA--TÉRMINO DE MATERIA
Término de materia o nombre geográfico como elemento de entrada Prendas de vestir
Subdivisión geográfica Veracruz (Estado)
9 (RLIN) 12969
700 1# - PUNTO DE ACCESO ADICIONAL--NOMBRE DE PERSONA
Nombre de persona Aquino Rodríguez, Lourdes
9 (RLIN) 12970
700 1# - PUNTO DE ACCESO ADICIONAL--NOMBRE DE PERSONA
Nombre de persona Anaya, Yosi
9 (RLIN) 12971
700 1# - PUNTO DE ACCESO ADICIONAL--NOMBRE DE PERSONA
Nombre de persona Mendieta Pérez, Adrián
Término indicativo de función/relación il.
9 (RLIN) 26560
902 ## - CATALOGADOR
Iniciales GRL
942 ## - ELEMENTOS DE PUNTO DE ACCESO ADICIONAL (KOHA)
Fuente del sistema de clasificación o colocación Library of Congress Classification
Tipo de ítem Koha Libros
Holdings
Estado de retiro Estado de pérdida Estado dañado No para préstamo Localización permanente Ubicación/localización actual Fecha de adquisición Número de inventario Total de préstamos Signatura topográfica completa Código de barras Fecha visto por última vez Precio válido a partir de Tipo de ítem Koha
El ejemplar forma parte de la colección y puede ser consultado según las políticas vigentes.       Biblioteca Centro de Estudios Ruth D. Lechuga Biblioteca Centro de Estudios Ruth D. Lechuga 07/01/2014 Au1579   F1219.3.C75 .B43 1995 (Au1579) GRL01493 22/03/2019 22/03/2019 Libros